000 00410nam a2200145Ia 4500
008 100204s9999 xx 000 0 und d
082 _b12638
100 _aबांदोडकर व. पु.
245 _aदुभंग
260 _b"प्रिया प्रकाशन, मुंबई"
_c1990
300 _a203
630 _aदुभंग
730 _aदुभंग
942 _cBOOK
999 _c457070
_d457067